00342 a2200097 4500001001000000005001700010008004100027245008200068100003100150773006300181ART_1145220260410161857.0260409a 10aDistribución y crecimiento. Perspectivas de la economía argentina en 19931 aDiaz Cafferata, Alberto M.0 tRevista de Economíag- Nº 67 (abr./dic. 1992)wREV11077